Broadband integrated networks /

Bibliografski detalji
Glavni autor: Schwartz, Mischa
Format: Knjiga
Jezik:English
Izdano: Upper Saddle River, N.J. : Prentice Hall PTR, c1996.
Teme:
Classic Catalogue: View this record in Classic Catalogue
LEADER 01794cam a2200313 a 4500
001 0017980
003 BD-DhAAL
005 20250629145534.0
008 110528s1996 njua b 001 0 eng
010 |a  95048184  
020 |a 0135192404 
040 |a DLC  |c DLC  |d DLC  |d BD-DhAAL 
050 0 0 |a TK5103.75  |b .S38 1996 
082 0 0 |a 004.66  |2 20 
100 1 |a Schwartz, Mischa.  |9 1257 
245 1 0 |a Broadband integrated networks /  |c Mischa Schwartz. 
260 |a Upper Saddle River, N.J. :  |b Prentice Hall PTR,  |c c1996. 
300 |a xiv, 369 p. :  |b ill. ;  |c 24 cm 
504 |a Includes bibliographical references (p. 354-363) and index. 
526 |a EEE  |x Md Sayeed Salam Department of Electrical and Electronic Engineering BRAC University Course Name : Broadband Networks (EEE 530) 
541 |e 0017980  |a D. S. Books International 
650 0 |a Integrated services digital networks.  |9 1258 
650 0 |a Broadband communication systems.  |9 1259 
650 0 |a Asynchronous transfer mode.  |9 1260 
852 |a Ayesha Abed Library  |c General Stacks 
942 |2 ddc  |c BK 
999 |c 10902  |d 10902 
952 |0 0  |1 0  |2 ddc  |4 0  |6 004_660000000000000_SCH  |7 0  |9 16788  |a BRACUL  |b BRACUL  |c GEN  |d 2011-05-28  |e D. S. Books International  |l 0  |o 004.66 SCH  |p 3010017980  |r 2011-05-28  |t 1  |w 2011-05-28  |y BK  |x Requisitioned by Md Sayeed Salam (Department of Electrical and Electronic Engineering, BRAC University) for the course named : "Broadband Networks (EEE 530)" ; USD 91.83 
952 |0 0  |1 0  |2 ddc  |4 0  |6 004_660000000000000_SCH  |7 0  |9 16789  |a BRACUL  |b BRACUL  |c GEN  |d 2011-05-28  |e D. S. Books International  |l 1  |o 004.66 SCH  |p 3010017981  |r 2011-05-28  |s 2011-05-28  |t 2  |w 2011-05-28  |y BK  |x Requisitioned by Md Sayeed Salam (Department of Electrical and Electronic Engineering, BRAC University) for the course named : "Broadband Networks (EEE 530)" ; USD 91.83